Welcome to WEB OPAC of MRSPTU Central Library

A text of written and oral technical communication (Record no. 5536)

MARC details
000 -LEADER
fixed length control field 00459nam a2200181Ia 4500
008 - FIXED-LENGTH DATA ELEMENTS--GENERAL INFORMATION
fixed length control field 230711s9999||||xx |||||||||||||| ||und||
020 ## - INTERNATIONAL STANDARD BOOK NUMBER
International Standard Book Number 978-81-907333-1-1
041 ## - LANGUAGE CODE
Language code of text/sound track or separate title ENG
082 ## - DEWEY DECIMAL CLASSIFICATION NUMBER
Classification number 372.5
Item number RA-W
100 ## - MAIN ENTRY--PERSONAL NAME
Personal name Anand,Kajal
245 #2 - TITLE STATEMENT
Title A text of written and oral technical communication
250 ## - EDITION STATEMENT
Edition statement 1st Ed.
260 ## - PUBLICATION, DISTRIBUTION, ETC.
Date of publication, distribution, etc. 2013
Place of publication, distribution, etc. Delhi
Name of publisher, distributor, etc. Shree Publications
300 ## - PHYSICAL DESCRIPTION
Extent 232
650 ## - SUBJECT ADDED ENTRY--TOPICAL TERM
Topical term or geographic name entry element COMMUNICATION SKILL
700 ## - ADDED ENTRY--PERSONAL NAME
Personal name Rana,Ashwani
942 ## - ADDED ENTRY ELEMENTS (KOHA)
Koha item type Book
Holdings
Withdrawn status Lost status Damaged status Not for loan Collection Home library Current library Date acquired Total checkouts Full call number Barcode Date last seen Price effective from Koha item type Date last checked out
          MRSPTU Central Library MRSPTU Central Library     372.5 RA-W 24420 08/17/2023 08/17/2023 Book  
          MRSPTU Central Library MRSPTU Central Library     372.5 RA-W 24421 08/17/2023 08/17/2023 Book  
          MRSPTU Central Library MRSPTU Central Library     372.5 RA-W 24422 08/17/2023 08/17/2023 Book  
          MRSPTU Central Library MRSPTU Central Library     372.5 RA-W 24423 08/17/2023 08/17/2023 Book  
          MRSPTU Central Library MRSPTU Central Library     372.5 RA-W 24424 08/17/2023 08/17/2023 Book  
          MRSPTU Central Library MRSPTU Central Library     372.5 RA-W 24425 08/17/2023 08/17/2023 Book  
          MRSPTU Central Library MRSPTU Central Library     372.5 RA-W 24426 08/17/2023 08/17/2023 Book  
          MRSPTU Central Library MRSPTU Central Library     372.5 RA-W 24427 08/17/2023 08/17/2023 Book  
          MRSPTU Central Library MRSPTU Central Library     372.5 RA-W 24428 08/17/2023 08/17/2023 Book  
          MRSPTU Central Library MRSPTU Central Library   1 372.5 RA-W 24429 12/13/2024 08/17/2023 Book 12/05/2024
          MRSPTU Central Library MRSPTU Central Library     372.5 RA-W 24430 08/17/2023 08/17/2023 Book  
          MRSPTU Central Library MRSPTU Central Library     372.5 RA-W 24431 08/17/2023 08/17/2023 Book  
          MRSPTU Central Library MRSPTU Central Library     372.5 RA-W 24432 08/17/2023 08/17/2023 Book  
          MRSPTU Central Library MRSPTU Central Library     372.5 RA-W 24433 08/17/2023 08/17/2023 Book  
          MRSPTU Central Library MRSPTU Central Library     372.5 RA-W 24434 08/17/2023 08/17/2023 Book  
          MRSPTU Central Library MRSPTU Central Library     372.5 RA-W 24435 08/17/2023 08/17/2023 Book  
          MRSPTU Central Library MRSPTU Central Library     372.5 RA-W 24436 08/17/2023 08/17/2023 Book  
          MRSPTU Central Library MRSPTU Central Library     372.5 RA-W 24437 08/17/2023 08/17/2023 Book  
          MRSPTU Central Library MRSPTU Central Library     372.5 RA-W 24438 08/17/2023 08/17/2023 Book  
          MRSPTU Central Library MRSPTU Central Library   1 372.5 RA-W 24439 07/28/2025 08/17/2023 Book 11/19/2024

Website Designed and Developed by MRSPTU Central Library Team

E-mail Id: librarian@mrsptu.ac.in